Contributions to logic and methodology in honor of J. M. Bocheński / (Record no. 7754)
[ view plain ]
| 000 -LEADER | |
|---|---|
| fixed length control field | 01081cam a22003251 4500 |
| 001 - CONTROL NUMBER | |
| control field | 7754 |
| 003 - CONTROL NUMBER IDENTIFIER | |
| rucl marc code | BD-RjUL |
| 005 - DATE AND TIME OF LATEST TRANSACTION | |
| control field | 20211208234452.0 |
| 008 - FIXED-LENGTH DATA ELEMENTS--GENERAL INFORMATION | |
| fixed length control field | 14 t1965 ne 000 0 eng |
| 035 ## - SYSTEM CONTROL NUMBER | |
| System control number | (BD-RjUL)7798 |
| System control number | (OCoLC)297443 |
| 040 ## - CATALOGING SOURCE | |
| Original cataloging agency | DLC |
| Transcribing agency | OAU |
| Modifying agency | OCoLC |
| -- | DLC |
| -- | BD-RjUL |
| Language of cataloging | eng |
| 041 ## - LANGUAGE CODE | |
| Language code of text/sound track or separate title | eng |
| 082 04 - DEWEY DECIMAL CLASSIFICATION NUMBER | |
| Classification number | 160.8 |
| Edition number | 16 |
| Author mark and year | CON 1965 |
| 245 10 - TITLE STATEMENT | |
| Title | Contributions to logic and methodology in honor of J. M. Bocheński / |
| Statement of responsibility, etc. | Edited by Anna-Teresa Tymieniecka in collaboration with Charles Parsons. |
| 260 ## - PUBLICATION, DISTRIBUTION, ETC. (IMPRINT) | |
| Place of publication, distribution, etc. | Amsterdam : |
| Name of publisher, distributor, etc. | North-Holland Pub. Co., |
| Date of publication, distribution, etc. | 1965. |
| 300 ## - PHYSICAL DESCRIPTION | |
| Pagination | xviii, 326 p. : |
| Illustrations | port. ; |
| Size | 23 cm. |
| 500 ## - GENERAL NOTE | |
| General note | Title on spine: Logic and methodology. |
| General note | English, French, or German. |
| 504 ## - BIBLIOGRAPHY, ETC. NOTE | |
| Bibliography, etc | Includes bibliographies. |
| 600 10 - SUBJECT ADDED ENTRY--PERSONAL NAME | |
| Personal name | Bochenski, Joseph M., |
| Dates associated with a name | 1902-1995 |
| 650 #0 - SUBJECT ADDED ENTRY--TOPICAL TERM | |
| Topical term or geographic name as entry element | Logic. |
| 9 (RLIN) | 24172 |
| Topical term or geographic name as entry element | Methodology. |
| 9 (RLIN) | 24173 |
| 700 1# - ADDED ENTRY--PERSONAL NAME | |
| Personal name | Tymieniecka, Anna-Teresa, |
| Dates associated with a name | . |
| Personal name | Bochenski, Joseph M. |
| 942 ## - ADDED ENTRY ELEMENTS (KOHA) | |
| Source of classification or shelving scheme | Dewey Decimal Classification |
| Koha item type | Books |
| Lost status | Source of classification or shelving scheme | Damaged status | Not for loan | Collection code | Permanent Location | Current Location | Shelving location | Date acquired | Source of acquisition | Cost, normal purchase price | Total Checkouts | Full call number | Date last seen | Copy number | Koha item type |
|---|---|---|---|---|---|---|---|---|---|---|---|---|---|---|---|
| Dewey Decimal Classification | Not For Loan | Non-fiction | Central Library, University of Rajshahi | Central Library, University of Rajshahi | 25/01/1968 | Book view | 70.00 | 160.8 CON 1965 | 15/01/2014 | C-1 | Books |